St. Anarchy's college / (Record no. 130960)

MARC details
000 -LEADER
fixed length control field 00599nam a22002177a 4500
005 - DATE AND TIME OF LATEST TRANSACTION
control field 20170124110120.0
010 ## - LIBRARY OF CONGRESS CONTROL NUMBER
LC control number A-736051
020 ## - INTERNATIONAL STANDARD BOOK NUMBER
Terms of availability 70.00
International Standard Book Number 8171671845
035 ## - SYSTEM CONTROL NUMBER
System control number A-736051
037 ## - SOURCE OF ACQUISITION
Source of stock number/acquisition Cen Lib/Ret
040 ## - CATALOGING SOURCE
Original cataloging agency DPL
Language of cataloging EN
082 ## - DEWEY DECIMAL CLASSIFICATION NUMBER
Classification number N
Item number BAN
100 ## - MAIN ENTRY--PERSONAL NAME
Personal name Bandara, Madduma
9 (RLIN) 30495
245 ## - TITLE STATEMENT
Title St. Anarchy's college /
Statement of responsibility, etc by Madduma Bandara
260 ## - PUBLICATION, DISTRIBUTION, ETC. (IMPRINT)
Place of publication, distribution, etc New Delhi
Name of publisher, distributor, etc Rupa & Co.
Date of publication, distribution, etc 1994
270 ## - ADDRESS
Address 7/16, Ansari Road Darya Ganj
City New Delhi
Postal code 110002
300 ## - PHYSICAL DESCRIPTION
Extent 184p.
Dimensions 18cm(Hb)
650 ## - SUBJECT ADDED ENTRY--TOPICAL TERM
Topical term or geographic name as entry element English Literature
9 (RLIN) 106153
650 ## - SUBJECT ADDED ENTRY--TOPICAL TERM
Topical term or geographic name as entry element Schoolboy
9 (RLIN) 30497
942 ## - ADDED ENTRY ELEMENTS (KOHA)
Source of classification or shelving scheme Dewey Decimal Classification
Koha item type English Books
Classification part N
Call number suffix BAN
Holdings
Withdrawn status Lost status Damaged status Not for loan Home library Current library Date acquired Source of acquisition Cost, normal purchase price Total Checkouts Full call number Barcode Date last seen Copy number Cost, replacement price Price effective from Koha item type Public note
Written off       Central Library Central Library 11/07/2015 Cen Lib/Ret 70.00   N BAN A-736051 11/07/2015 1 0.00 15/09/2016 English Books W/d List No. 6864/20 ; dtd 08/08/2020

© Delhi Public Library
Hit Counter
free hit counter